Statistics for Former NHL Teams (1960s-2000s)

Click here to take the quiz!

General Stats

  • This quiz has been taken 1,497 times
  • The average score is 7 of 9

Answer Stats

HintAnswer% Correct
Winnpeg (1970s()Jets
94%
Quebec (1980s)Nordiques
94%
Atlanta (2000s)Thrashers
92%
Minnesota (1960s)North Stars
91%
Atlanta (1970s)Flames
83%
Colorado (1970s)Rockies
80%
California (1970s)Golden Seals
75%
Cleveland (1970s)Barons
65%
Kanas City (1970s)Scouts
63%

Score Distribution

Percentile by Number Answered

Percent of People with Each Score

Your Score History

You have not taken this quiz